Journal article Open Access

اسم المفعول ومكانته البلاغية في الإعجاز القرآني

د. مهدي محمد أبوبكر


MARC21 XML Export

<?xml version='1.0' encoding='UTF-8'?>
<record xmlns="http://www.loc.gov/MARC21/slim">
  <leader>00000nam##2200000uu#4500</leader>
  <datafield tag="980" ind1=" " ind2=" ">
    <subfield code="a">publication</subfield>
    <subfield code="b">article</subfield>
  </datafield>
  <datafield tag="245" ind1=" " ind2=" ">
    <subfield code="a">اسم المفعول ومكانته البلاغية في الإعجاز القرآني</subfield>
  </datafield>
  <datafield tag="260" ind1=" " ind2=" ">
    <subfield code="c">2015-01-13</subfield>
  </datafield>
  <datafield tag="041" ind1=" " ind2=" ">
    <subfield code="a">ara</subfield>
  </datafield>
  <datafield tag="520" ind1=" " ind2=" ">
    <subfield code="a">&lt;p&gt;اسم المفعول ومكانته البلاغية في الإعجاز القرآني&lt;/p&gt;</subfield>
  </datafield>
  <datafield tag="980" ind1=" " ind2=" ">
    <subfield code="a">user-mu-research-unit</subfield>
  </datafield>
  <datafield tag="980" ind1=" " ind2=" ">
    <subfield code="a">user-sorer</subfield>
  </datafield>
  <datafield tag="773" ind1=" " ind2=" ">
    <subfield code="a">10.20374/sorer/124</subfield>
    <subfield code="i">isVersionOf</subfield>
    <subfield code="n">doi</subfield>
  </datafield>
  <datafield tag="100" ind1=" " ind2=" ">
    <subfield code="a">د. مهدي محمد أبوبكر</subfield>
  </datafield>
  <datafield tag="856" ind1="4" ind2=" ">
    <subfield code="s">9122201</subfield>
    <subfield code="u">https://sorer.somaliren.org.so/record/125/files/Dr Mahdi Mohamed Abobakar - Arabic - 2015.pdf</subfield>
    <subfield code="z">md5:5a971df47b5589fba987602ad55e6428</subfield>
  </datafield>
  <controlfield tag="005">20210701071400.0</controlfield>
  <datafield tag="024" ind1=" " ind2=" ">
    <subfield code="a">10.20374/sorer/125</subfield>
    <subfield code="2">doi</subfield>
  </datafield>
  <datafield tag="542" ind1=" " ind2=" ">
    <subfield code="l">open</subfield>
  </datafield>
  <datafield tag="540" ind1=" " ind2=" ">
    <subfield code="u">https://creativecommons.org/licenses/by-nc-sa/4.0/</subfield>
    <subfield code="a">Creative Commons Attribution-NonCommercial-ShareAlike</subfield>
  </datafield>
  <datafield tag="650" ind1="1" ind2="7">
    <subfield code="a">cc-by</subfield>
    <subfield code="2">opendefinition.org</subfield>
  </datafield>
  <controlfield tag="001">125</controlfield>
</record>
281
66
views
downloads
All versions This version
Views 281281
Downloads 6666
Data volume 602.1 MB602.1 MB
Unique views 255255
Unique downloads 6363

Share

Cite as